[Event "Mlada Boleslav Region-ch U20"]
[Site "Mlada Boleslav"]
[Date "2014.06.21"]
[Round "1"]
[White "Vitvar, Lukas"]
[Black "Otrubova, Kristyna"]
[Result "0-1"]
[WhiteElo "1210"]
[BlackElo "1362"]
[PlyCount "80"]
[EventDate "2014.06.21"]
[EventType "swiss"]
[EventRounds "7"]
[EventCountry "CZE"]
[SourceTitle "EXT 2016"]
[Source "ChessBase"]
[SourceDate "2015.10.08"]
[SourceVersion "1"]
[SourceVersionDate "2015.10.08"]
[SourceQuality "1"]

1. e4 e6 2. Nf3 d5 3. exd5 exd5 4. Bb5+ c6 5. Ba4 Nf6 6. 0-0 Be7 7. d4 0-0 8. Ne5 Nbd7 9. Ng4 Nxg4 10. Qxg4 Nb6 11. Qg3 Nxa4 12. Bh6 Bf6 13. Nd2 Qd7 14. h3 Qf5 15. Rfe1 Qg6 16. Qxg6 hxg6 17. Bf4 Bxd4 18. Re7 Bf6 19. Rc7 Bd8 20. Rxc8 Rxc8 21. Bd6 Re8 22. Bf4 Bf6 23. Rd1 Nxb2 24. Rf1 Re6 25. Nb3 Rce8 26. Nc5 Re1 27. Rxe1 Rxe1+ 28. Kh2 b6 29. Nd7 Re7 30. Nxf6+ gxf6 31. Bh6 Re2 32. Kg3 Kh7 33. Bf8 Rxc2 34. Kh4 d4 35. g4 d3 36. g5 d2 37. gxf6 d1Q 38. Kg5 Qh5+ 39. Kf4 Rc3 40. h4 Qf5# 0-1

[Event "Mlada Boleslav Region-ch U20"]
[Site "Mlada Boleslav"]
[Date "2013.06.22"]
[Round "1"]
[White "Vitvar, Lukas"]
[Black "Kocourkova, Klara"]
[Result "0-1"]
[WhiteElo "1250"]
[BlackElo "1258"]
[PlyCount "54"]
[EventDate "2013.06.22"]
[EventType "swiss"]
[EventRounds "7"]
[EventCountry "CZE"]
[SourceTitle "EXT 2015"]
[Source "ChessBase"]
[SourceDate "2014.11.20"]
[SourceVersion "1"]
[SourceVersionDate "2014.11.20"]
[SourceQuality "1"]

1. e4 d5 2. f3 dxe4 3. fxe4 e5 4. Bc4 Nf6 5. d3 Bg4 6. Nf3 Bc5 7. Bg5 h6 8. Bh4 Nc6 9. h3 Bxf3 10. Qxf3 Nd4 11. Qe3 Nxc2+ 12. Kd2 Nxe3 13. Bf2 Nxc4+ 14. Kc3 Bxf2 15. dxc4 Nxe4+ 16. Kb4 Bc5+ 17. Kb3 Qd3+ 18. Nc3 Nxc3 19. bxc3 a5 20. Rhe1 a4+ 21. Kb2 Qd2+ 22. Kb1 Qxc3 23. Rc1 Qd3+ 24. Rc2 Bd4 25. h4 Bxa1 26. Kxa1 Qxc2 27. h5 Qc1# 0-1